000
00362nam a2200169Ia 4500
008
221030s9999 xx 000 0 und d
020
_a
8176567159
041
_a
English
082
_a
105.23
100
_a
1
245
0
_a
Networking Complete
_c
by 1
250
_a
3rd
260
_b
BPB Pub
_a
New Delhi
_c
2003
300
_a
860
650
_a
Computers
942
_c
BK
999
_c
46
_d
46